00841nam a2200265 i 4500001000300000003000400003005001700007008004100024015001700065020001500082040001400097080001100111080001700122080001100139080001200150100002700162245006600189260005500255300003300310504003400343655003000377650002900407710004100436856009800477bgBPK20211215113722.0060120s2006 pl a f f |001 0 pol  aPB 2006/3296 a8320431093 aWA NcBPK a681.58 a621.3.049.77 a004.31 a(075.8)1 aKasprzyk, JerzyeAutor10aProgramowanie sterowników przemysłowych /cJerzy Kasprzyk. aWarszawa :bWydawnictwa Naukowo-Techniczne,c2006. a305, [1] s. :bil. ;c24 cm. aBibliogr. s. 288-289. Indeks. 4aPodręczniki akademickie 4aSterowniki programowalne2 aWydawnictwa Naukowo-Techniczne4pbl. uhttp://koha.tu.koszalin.pl/cgi-bin/koha/opac-detail.pl?biblionumber=51517yKatalog online BPK